Derechos humanos y autoritarismo en Costa Rica /
El autor analiza los derechos humanos y autoritarismo en Costa Rica. Un objetivo fundamental en el trabajo en torno a los Derechos Humanos en nuestro país, y particularmente en las universidades, radica en examinar propuestas y estrategias para fomentar el abordaje, en los planes académicos universi...
Gorde:
| Egile nagusia: | |
|---|---|
| Formatua: | Texto |
| Gaiak: | |
| Etiketak: |
Etiketa erantsi
Etiketarik gabe, Izan zaitez lehena erregistro honi etiketa jartzen!
|
MARC
| LEADER | 00000 a a2200000 04500 | ||
|---|---|---|---|
| 001 | 13525 | ||
| 003 | |||
| 040 | |||
| 100 | |a Dobles Oropeza, Ignacio | ||
| 245 | |a Derechos humanos y autoritarismo en Costa Rica / |c Ignacio Dobles Oropeza | ||
| 520 | |a El autor analiza los derechos humanos y autoritarismo en Costa Rica. Un objetivo fundamental en el trabajo en torno a los Derechos Humanos en nuestro país, y particularmente en las universidades, radica en examinar propuestas y estrategias para fomentar el abordaje, en los planes académicos universitarios, de la problemática de la promoción y protección de los Derechos Humanos. Se examina la situación existente en cada contexto nacional en cuanto a la vigencia de los derechos fundamentales de los ciudadanos y la legalidad e institucionalidad existente para promover y proteger estos derechos, así como los obstáculos para el cumplimiento de los mismos. En detalle en autor estudia los siguiente temas: los derechos políticos de los costarricenses, la violencia y la inseguridad ciudadana, los derechos económicos y sociales, la represión y abuso policial. En el artículo se proclama por la divulgación de las tendencias peligrosas (antes mencionadas) para la vida democrática, precisamente para que no pasen desapercibidas y para que se puedan tomar las medidas necesarias para aminorarlas.HMBQ/HMBQ | ||
| 650 | |a DERECHOS HUMANOS | ||
| 650 | |a DEMOCRACIA | ||
| 650 | |a VIOLENCIA | ||
| 650 | |a ASPECTOS POLITICOS | ||
| 773 | |g número 57; páginas 37-52 | ||
| 999 | |c 33579 |d 33579 | ||
